000 00621nam a2200229Ia 4500
003 OSt
005 20220923230333.0
006 a|||||r|||| 00| 0
007 ta
008 Pun
024 _a279,549
037 _cTextual
040 _aARTS
_cARTS
_bPun
041 _2Pun
_aPun
082 _aO153,2x, N6
100 _aਧਾਲੀਵਾਲ, ਕੇਵਲ, ਥਦ.
245 0 _aਇਤ ਮਾਰਗ ਪੌਰ ਧਰੀਜੈ
260 _c1996
650 _aਪੰਜਾਬੀ ਸਾਹਿਤ
942 _hO153,2x, N6
_cTEXL
_2CC
999 _c384052
_d384052